Pays D'Afrique - Mort Subite - Statistiques

Statistiques générales
  • Ce quiz a été pris 211 fois
  • Le résultat moyen est 7 sur 8
Answers on the Grid
Answers color-coded by a green-red scale on the quiz's grid according to % correct below.
Djibouti
Mali
Botswana
Pakistan
Mozambique
Palaos
Fidji
Maroc
Yémen
Sénegal
Mongolie
Maldives
Lesotho
Libéria
 
Statistiques - réponses
Réponse % Correct
Mozambique
96%
Botswana
94%
Djibouti
94%
Mali
94%
Maroc
93%
Sénegal
92%
Libéria
87%
Lesotho
85%
Aucun quiz correspondant
Distribution des résultats
% des personnes avec chaque résultat
Percentile par nombre de réponses
Votre historique - résultats
Vous n’avez pas pris ce quiz